| 000 | 00421nam a2200157 i 4500 | ||
|---|---|---|---|
| 001 | 95410 | ||
| 003 | ES-MaACL | ||
| 005 | 20230906181711.0 | ||
| 007 | t| | ||
| 008 | 050527s2002 sp ||||1| spa d | ||
| 100 | 1 |
_aLlaugé Dausá, Félix. _972729 |
|
| 245 | 1 | 4 |
_aLos cimarrones / _cFélix Llaugé Dausá. |
| 260 |
_aBarcelona : _bTelstar, _c1969. |
||
| 300 |
_a159 p. ; _c17 cm. |
||
| 852 |
_aES-MaACL _jC-36698 _bR.68723 |
||
| 999 |
_c95410 _d95410 |
||